Adapting to an uncertain climate (Record no. 112597)

MARC details
000 -LEADER
fixed length control field 01493cad a22002055a 4500
001 - CONTROL NUMBER
control field L153568
008 - FIXED-LENGTH DATA ELEMENTS--GENERAL INFORMATION
fixed length control field 110808s2011 xxk f 000 0 eng d
035 ## - SYSTEM CONTROL NUMBER
System control number (Sirsi) u153568
041 0# - LANGUAGE CODE
Language code of text/sound track or separate title eng
110 2# - MAIN ENTRY--CORPORATE NAME
Corporate name or jurisdiction name as entry element UK Trade and Investment
9 (RLIN) 4699
245 00 - TITLE STATEMENT
Title Adapting to an uncertain climate
Remainder of title a world of commercial opportunities
Medium [electronic resource]
260 ## - PUBLICATION, DISTRIBUTION, ETC.
Place of publication, distribution, etc. [S.I.]
Name of publisher, distributor, etc. UKT&I
Date of publication, distribution, etc. 2011
520 ## - SUMMARY, ETC.
Summary, etc. During the past decade, a huge global industry catering to rising concerns about energy and climate change has emerged. The most obvious aspect of this has been the boom in production of renewable energies, but related businesses span sectors as diverse as consulting, education, construction and manufacturing. This report looks at the emerging opportunities for business in key sectors including construction following an Economist Intelligence Unit survey of 705 companies globally, representing a range of business sectors, during January and February 2011. The survey attempted to afford even representation to the following regions: Middle East and Africa; Western Europe; Asia Pacific; North America; and Latin America.
590 ## - LOCAL NOTE (RLIN)
Local note KA NTK
651 #4 - SUBJECT ADDED ENTRY--GEOGRAPHIC NAME
Geographic name International
690 ## - LOCAL SUBJECT ADDED ENTRY--TOPICAL TERM (OCLC, RLIN)
Topical term or geographic name as entry element BUILT ENVIRONMENT-CONSTRUCTION MARKET
710 1# - ADDED ENTRY--CORPORATE NAME
Corporate name or jurisdiction name as entry element Economist Intelligence Unit
9 (RLIN) 72
856 40 - ELECTRONIC LOCATION AND ACCESS
Uniform Resource Identifier <a href="https://www.managementthinking.eiu.com/sites/default/files/downloads/Adapting%20to%20an%20uncertain%20climate%20(English).pdf">https://www.managementthinking.eiu.com/sites/default/files/downloads/Adapting%20to%20an%20uncertain%20climate%20(English).pdf</a>
Public note View the pdf free of charge at www.businessresearch.eiu.com
942 ## - ADDED ENTRY ELEMENTS (KOHA)
Suppress in OPAC 0
Holdings
Withdrawn status Lost status Source of classification or shelving scheme Damaged status Not for loan Home library Current library Shelving location Date acquired Total Checkouts Full call number Barcode Date last seen Copy number Price effective from Koha item type
    Dewey Decimal Classification     Virtual Virtual Online 08/08/2011   ONLINE PUBLICATION 153568-2001 06/08/2019 1 06/08/2019 Book